|
|
|
|
| LEADER |
00000nab a2200000 a 4500 |
| 001 |
vtls000748332 |
| 003 |
SK-MaSNL |
| 005 |
20260304104231.0 |
| 008 |
250429c2000 xo 0 slo |
| 015 |
|
|
|a SNBRB2001/04-10234
|
| 035 |
|
|
|a CLN000100159
|
| 035 |
|
|
|a urn:nbn:sk:snk-ab6z2u
|
| 035 |
|
|
|a (uuid)f8f397a6-9b27-4e33-b278-27bb49be9f47
|
| 035 |
|
|
|a (urnnbn)urn:nbn:sk:snk:ar-a06c28
|
| 035 |
|
|
|a (sysno)vtls000748332
|
| 040 |
|
|
|a SNKBUCL
|b slo
|c SNKBUCL
|e AACR2
|
| 041 |
0 |
|
|a eng
|
| 044 |
|
|
|a xo
|c SK
|
| 080 |
|
|
|a 616.65-006:615.25
|2 1997
|
| 245 |
0 |
4 |
|a The role of chemotherapy in prostate cancer
|b Minireview
|c K. Odrážka ... [et al.]
|
| 300 |
|
|
|b Tab.
|
| 504 |
|
|
|a Res. angl.
|
| 504 |
|
|
|a Bibliogr. odkazy
|
| 650 |
0 |
7 |
|a karcinóm prostaty
|2 snkbucl
|9 28680
|
| 650 |
0 |
7 |
|a chemoterapia
|2 snkbucl
|9 13903
|
| 650 |
0 |
7 |
|a gény p53
|x genetika
|x imunológia
|2 snkbucl
|9 1403946
|
| 650 |
0 |
7 |
|a cytotoxíny
|2 snkbucl
|9 843218
|
| 655 |
|
7 |
|a články z novín a časopisov
|2 snkbucl
|9 267496
|
| 700 |
1 |
|
|a Odrážka, K.
|4 aut
|9 907990
|
| 700 |
1 |
|
|a Vaňásek, J.
|4 aut
|9 1146877
|
| 700 |
1 |
|
|a Vaculíková, M.
|4 aut
|9 907991
|
| 700 |
1 |
|
|a Stejskal, J.
|4 aut
|9 276402
|
| 700 |
1 |
|
|a Filip, Stanislav,
|d 1961-
|4 aut
|9 177495
|
| 773 |
0 |
|
|t Neoplasma
|g Roč. 47, č. 4 (2000), s. 197-203
|x 0028-2685
|
| 850 |
|
|
|a Slovenská národná knižnica
|
| 852 |
|
|
|a Slovenská národná knižnica
|
| 958 |
|
|
|a article27
|
| 958 |
|
|
|a MI
|
| 958 |
|
|
|a NB
|
| 958 |
|
|
|a OND
|
| 958 |
|
|
|a EUIPO
|
| 992 |
|
|
|a RBX
|
| 999 |
|
|
|c 2851049
|d 2852979
|